00277nam a2200121Ia 4500008004100000041000900041082001800050100001500068245002300083260003300106300000800139650000800147230718s9999 xx 000 0 und d aEng. a346.66bUMA-C aUmar, Asad 0aCompanies Act 2017 aPakistanbMansoor Bookc2017 a496 aLaw